All Godzilla and King Kong Movies In Order - Statistics

General Stats
  • This quiz has been taken 36 times
  • The average score is 18 of 53
Answer Stats
Year Film % Correct
1933 King Kong
96%
1954 Godzilla
80%
1933 Son of Kong
80%
1955 Godzilla Raids Again
60%
1962 King Kong V.S. Godzilla
56%
2014 Godzilla
52%
1964 Mothra V.S. Godzilla
52%
2024 Godzilla x Kong: The New Empire
48%
1961 Mothra
48%
2019 Godzilla: King of the Monsters
44%
2021 Godzilla V.S Kong
44%
2017 Kong: Skull Island
44%
1956 Rodan
44%
1964 Ghidorah, the Three-Headed Monster
40%
1998 Godzilla
40%
2023 Godzilla: Minus One
40%
1976 King Kong
40%
2004 Godzilla: Final Wars
36%
1972 Godzilla V.S. Gigan
36%
1971 Godzilla V.S. Hedorah
36%
1973 Godzilla V.S. Megalon
36%
2005 King Kong
36%
2016 Shin Godzilla
36%
1969 All Monsters Attack
32%
1989 Godzilla V.S. Biollante
32%
1991 Godzilla V.S. King Ghidorah
32%
1974 Godzilla V.S. Mechagodzilla
32%
1992 Godzilla V.S. Mothra
32%
1994 Godzilla V.S. SpaceGodzilla
32%
1986 King Kong Lives
32%
1967 Son of Godzilla
32%
1975 Terror of Mechagodzilla
32%
1984 The Return of Godzilla
32%
1966 Ebirah, Horror of the Deep
28%
2018 Godzilla: City on the Edge of Battle
28%
2001 Godzilla, Mothra and King Ghidorah: Giant Monsters All-Out Attack
28%
2018 Godzilla: The Planet Eater
28%
1993 Godzilla V.S. Mechagodzilla II
28%
2002 Godzilla Against Mechagodzilla
24%
2017 Godzilla: Planet of the Monsters
24%
2003 Godzilla: Tokyo S.O.S.
24%
1995 Godzilla V.S. Destoroyah
24%
2000 Godzilla V.S. Megaguirus
24%
1967 King Kong Escapes
24%
2005 Kong: King of Atlantis
16%
2006 Kong: Return to the Jungle
16%
1996 Rebirth of Mothra
16%
1999 Godzilla 2000: Millennium
12%
1997 Rebirth of Mothra II
12%
1998 Rebirth of Mothra III
12%
1998 The Mighty Kong
12%
1968 Destory All Monsters
8%
1965 Invasion of Astro-Montser
4%
No matching quizzes found
Score Distribution
Percent of People with Each Score
Percentile by Number Answered
Your Score History
You have not taken this quiz